<?xml version="1.0" encoding="UTF-8"?>
<record
    xmlns:xsi="http://www.w3.org/2001/XMLSchema-instance"
    xsi:schemaLocation="http://www.loc.gov/MARC21/slim http://www.loc.gov/standards/marcxml/schema/MARC21slim.xsd"
    xmlns="http://www.loc.gov/MARC21/slim">

  <leader>00440nam a2200169Ia 4500</leader>
  <controlfield tag="008">230718s9999    xx            000 0 und d</controlfield>
  <datafield tag="020" ind1=" " ind2=" ">
    <subfield code="a">9788131512494</subfield>
  </datafield>
  <datafield tag="041" ind1=" " ind2=" ">
    <subfield code="a">eng</subfield>
  </datafield>
  <datafield tag="082" ind1=" " ind2=" ">
    <subfield code="a">658.045</subfield>
    <subfield code="b">POZ</subfield>
  </datafield>
  <datafield tag="100" ind1=" " ind2=" ">
    <subfield code="a">Poza E.J.</subfield>
    <subfield code="9">118199</subfield>
  </datafield>
  <datafield tag="245" ind1=" " ind2=" ">
    <subfield code="a">Family - Owned Business</subfield>
  </datafield>
  <datafield tag="260" ind1=" " ind2=" ">
    <subfield code="c">2011</subfield>
    <subfield code="b">Cengage</subfield>
  </datafield>
  <datafield tag="300" ind1=" " ind2=" ">
    <subfield code="a">359</subfield>
  </datafield>
  <datafield tag="365" ind1=" " ind2=" ">
    <subfield code="c">Rs.</subfield>
    <subfield code="b">295.00</subfield>
  </datafield>
  <datafield tag="700" ind1=" " ind2=" ">
    <subfield code="a">Poza E.J.</subfield>
    <subfield code="9">118199</subfield>
  </datafield>
  <datafield tag="906" ind1=" " ind2=" ">
    <subfield code="d">O:0156517-Feb-2011B:704503-Feb-2011</subfield>
    <subfield code="c">MGMT</subfield>
    <subfield code="b">73.75</subfield>
  </datafield>
  <datafield tag="999" ind1=" " ind2=" ">
    <subfield code="c">327263</subfield>
    <subfield code="d">327263</subfield>
  </datafield>
  <datafield tag="952" ind1=" " ind2=" ">
    <subfield code="0">0</subfield>
    <subfield code="1">0</subfield>
    <subfield code="4">0</subfield>
    <subfield code="7">0</subfield>
    <subfield code="a">CCEP</subfield>
    <subfield code="b">CCEP</subfield>
    <subfield code="d">2011-02-17</subfield>
    <subfield code="e">Tbs</subfield>
    <subfield code="f">MGMT</subfield>
    <subfield code="g">221.25</subfield>
    <subfield code="i">7045</subfield>
    <subfield code="l">0</subfield>
    <subfield code="o">658.045</subfield>
    <subfield code="p">CCEP-BK-38470</subfield>
    <subfield code="r">2023-07-18 00:00:00</subfield>
    <subfield code="t">73.75</subfield>
    <subfield code="v">295.00</subfield>
    <subfield code="w">2011-02-03</subfield>
    <subfield code="y">BK</subfield>
    <subfield code="z">038470</subfield>
  </datafield>
</record>
